Statistics for Letters of Alphabet IN ORDER #PME

Click here to take the quiz!

General Stats

  • This quiz has been taken 154 times
  • The average score is 22 of 26

Answer Stats

QuestionAnswer% Correct
What is the first letter of the alphabet?a
100%
What is the second letter of the alphabet?b
98%
What is the third letter of the alphabet?c
98%
What is the fourth letter of the alphabet?d
98%
What is the fifth letter of the alphabet?e
98%
What is the sixth letter of the alphabet?f
95%
What is the seventh letter of the alphabet?g
93%
What is the eighth letter of the alphabet?h
90%
What is the ninth letter of the alphabet?i
90%
What is the tenth letter of the alphabet?j
88%
What is the eleventh letter of the alphabet?k
85%
What is the twelfth letter of the alphabet?l
85%
What is the thirteenth letter of the alphabet?m
85%
What is the fourteenth letter of the alphabet?n
85%
What is the fifteenth letter of the alphabet?o
85%
What is the sixteenth letter of the alphabet?p
85%
What is the seventeenth letter of the alphabet?q
80%
What is the eighteenth letter of the alphabet?r
80%
What is the nineteenth letter of the alphabet?s
80%
What is the twentieth letter of the alphabet?t
80%
What is the twenty first letter of the alphabet?u
78%
What is the twenty second letter of the alphabet?v
75%
What is the twenty third letter of the alphabet?w
73%
What is the twenty fourth letter of the alphabet?x
73%
What is the twenty fifth letter of the alphabet?y
73%
What is the twenty sixth letter of the alphabet?z
70%

Score Distribution

Percentile by Number Answered

Percent of People with Each Score

Your Score History

You have not taken this quiz